Statistics for Movies by Letter - F

Click here to take the quiz!

General Stats

  • This quiz has been taken 50 times
  • The average score is 11 of 25

Answer Stats

HintAnswer% Correct
Car-centric action franchise featuring Vin DieselThe Fast and the Furious
93%
The first rule about this is that you do not talk about thisFight Club
85%
Haunts the dreams of the children of Elm StreetFreddy Krueger
83%
Coen brothers film about murders in North DakotaFargo
73%
The original Rambo filmFirst Blood
73%
Use this, Lukethe Force
73%
Marvel superhero quartet with a mixed cinematic legacyThe Fantastic Four
66%
Harrison Ford fights a one-armed manThe Fugitive
61%
This poor hunter may never kill that wabbitElmer Fudd
56%
Harry Potter prequelFantastic Beasts and Where to Find Them
56%
Type of female character frequently seen in the abovefemme fatale
49%
Michael Moore takes on the war on terrorFahrenheit 9/11
44%
The device that sends Marty McFly back in timeflux capacitor
44%
Director of Fort Apache, My Darling Clementine, and The SearchersJohn Ford
44%
Director of La Strada, I Vitelloni, 8 1/2, and La Dolce VitaFederico Fellini
41%
Genre featuring detectives, criminals, mobsters, and mysteriesfilm noir
37%
Wes Anderson animated film starring George ClooneyThe Fantastic Mr. Fox
29%
1984 Tim Burton short about a reanimated bull terrierFrankenweenie
27%
Creature who appeared in The Spirit of the Beehive and Mad Monster PartyFrankenstein's monster
24%
The greatest star of silent American cartoonsFelix the Cat
12%
Most prolific director of the early German New WaveRainer Werner Fassbinder
10%
For Orson Welles, F is for thisfake
7%
Voice actress of Rocky the Flying Squirrel, Witch Hazel, and Jokey SmurfJune Foray
7%
Director of Nanook of the NorthRobert Flaherty
7%
Silly Symphony that was the first Technicolor filmFlowers and Trees
2%

Score Distribution

Percentile by Number Answered

Percent of People with Each Score

Your Score History

You have not taken this quiz